PNL-Chang - Statistiques

Statistiques générales
  • Ce quiz a été pris 296 fois
    264 depuis la dernière actualisation
  • Le résultat moyen est 283 sur 485
Statistiques - réponses
Réponse % Correct
chang
96%
L
96%
à
94%
a
94%
M
94%
la
91%
91%
G
89%
ma
89%
un
88%
comme
87%
avec
84%
de
84%
je
84%
le
84%
est
81%
te
81%
pas
80%
gros
79%
sur
79%
ta
79%
78%
me
78%
78%
j'vais
77%
j'ai
76%
pour
76%
ton
76%
finir
75%
Blanka
74%
ce
74%
mauvais
74%
tout
74%
ça
73%
en
73%
les
73%
l'homme
73%
on
72%
et
71%
mon
71%
peu
71%
dans
69%
plus
69%
que
69%
tu
69%
grand
68%
par
67%
j'marche
66%
lui
66%
muraille
66%
visage
66%
des
65%
qu'à
65%
car
64%
même
64%
bête
63%
Dieu
63%
l'hôtel
63%
sanka
63%
papa
62%
insomniaque
61%
j'suis
61%
oublié
61%
toujours
61%
mais
59%
ne
59%
qui
59%
remercie
59%
Palestine
58%
au
57%
c'est
56%
dois
56%
fait
56%
j'l'ai
56%
mes
56%
non
56%
si
56%
Tarik
56%
vu
56%
une
55%
enfants
54%
pilon
54%
une
54%
larme
53%
n'a
53%
notre
53%
femmes
52%
j't'ai
52%
c'était
51%
inconsolable
51%
porte
51%
s'défend
51%
créé
50%
méchant
50%
point
50%
tâter
50%
bâtiment
49%
fois
49%
forte
49%
grands
49%
moi
49%
parce
49%
passé
49%
qu'ils
49%
sans
49%
sel
49%
trouve
49%
va
49%
vie
49%
commencé
48%
heureux
48%
j'avais
48%
l'intention
48%
tête
48%
biff
47%
charbonneurs
47%
essuie
47%
paradis
47%
aimé
46%
confiance
46%
d'changer
46%
élevé
46%
l'roi
46%
pourtant
46%
p't-être
46%
qu'un
46%
revenir
46%
fils
45%
flemmes
45%
j'te
45%
pouls
45%
quelques
45%
sonner
45%
terrain
45%
voir
45%
baisse
44%
blème
44%
chance
44%
détruit
44%
di-gran
44%
du
44%
fête
44%
il
44%
j'aime
44%
j'étais
44%
jour
44%
j'pourrais
44%
j'vise
44%
l'escalier
44%
rate
44%
rides
44%
sais
44%
souffrir
44%
touché
44%
veux
44%
volonté
44%
était
43%
fera
43%
juste
43%
mal
43%
toute
43%
braguette
42%
j'aimerais
42%
j'n'aurais
42%
aussi
41%
barrettes
41%
c'que
41%
l'donne
41%
rentre
41%
t'as
41%
tel
41%
toquer
41%
vécu
41%
volontiers
41%
lumière
40%
prévenir
40%
Sarah
40%
ange
39%
bon
39%
dit-ban
39%
noter
39%
passer
39%
plier
39%
poto
39%
ténèbres
39%
aient
38%
clochard
38%
droit
38%
drôle
38%
ils
38%
jamais
38%
j'aurais
38%
j'laisse
38%
quoi
38%
ressentir
38%
t'y
38%
aimer
37%
champ
37%
coeur
37%
hagar
37%
quelqu'un
37%
bien
36%
d'autre
36%
devenir
36%
d'la
36%
frère
36%
galettes
36%
grandes
36%
j'leur
36%
laisse-moi
36%
mentirai
36%
nôtres
36%
petit
36%
sera
36%
s'ouvrir
36%
toucher
36%
vas
36%
capuché
35%
chien
35%
front
35%
j'me
35%
tour
35%
bras
34%
c'business
34%
donc
34%
jusqu'à
34%
l'dîn
34%
mort
34%
ont
34%
présent
34%
quand
34%
rêves
34%
sens
34%
soient
34%
cette
33%
menotté
33%
mets
33%
paillasson
33%
sauf
33%
chaise
32%
ghetto
32%
hall
32%
m'chuchote
32%
partir
32%
verre
32%
amour
31%
beur
31%
changer
31%
drogué
31%
grâce
31%
l'enfer
31%
l'montrer
31%
rappelle
31%
restera
31%
cassé
30%
méd'cine
30%
m'permettra
30%
ans
29%
fou
29%
l'même
29%
l'oeilleton
29%
maison
29%
peur
29%
première
29%
quinze
29%
Terre
29%
trop
29%
zik
29%
chuchote
28%
comprends
28%
j'lui
28%
regarder
28%
j'prenne
27%
m'prennent
27%
pris
27%
cachettes
26%
voué
26%
zoo
24%
désillusion
23%
ouvre-moi
21%
r'viendrais
5%
Aucun quiz correspondant
Distribution des résultats
% des personnes avec chaque résultat
Percentile par nombre de réponses
Votre historique - résultats
Vous n’avez pas pris ce quiz depuis la dernière actualisation